00662 a2200193 4500003000500000005001700005010001600022020001500038040000900053082001200062100002200074245007600096250001200172260004400184300003300228505016100261650002300422700002300445Nust20230126105450.0 a 89080953 a039543355X cNust00a421,PAU1 aPauley, Steven E.10aTechnical report writing today / cSteven E. Pauley, Daniel G. Riordan. a4th ed. aBoston :bHoughton Mifflin Co.,cc1990. axx, 481 p. :bill. ;c24 cm. aTechnical Writing Basics (Page-3), Technical Writing Techniques (Page-81), Technical Writing Applications (Page-223), Professional Communication (Page-369). 0aTechnical writing.1 aRiordan, Daniel G.